| LEADER |
01529nzm0a2200421 450 |
| 001 |
16830118 |
| 010 |
|
|
|a 978-2-7011-5881-5
|d 19,5
|
| 100 |
|
|
|a 20111119d2026 u u0frey01 ba
|
| 101 |
0 |
|
|a fre
|
| 102 |
|
|
|a FR
|
| 200 |
0 |
|
|a objets de Noël ont la parole ! (Les)
|f Laetitia Guyader & Laurent Pradeau
|g illustrations d'Amélie Jackowski
|
| 207 |
|
1 |
|a
|
| 210 |
|
|
|a Paris
|b 8 Rue Férou.
|c Belin
|d cop. 2011
|
| 215 |
|
|
|a 1 vol. (39 p.)
|c ill. en coul., couv. ill. en coul.
|d 27 cm
|
| 330 |
|
|
|a Ces poèmes, ces chansons et ces comptines préparent au temps de Noël et donnent la parole aux objets : bonhomme de neige, guirlandes, bûche...
|
| 464 |
|
|
|a La nuit de Noël
|
| 464 |
|
|
|a La magie de Noël
|
| 464 |
|
|
|a Le calendrier de l'avent
|
| 464 |
|
|
|a La lettre au Père Noël
|
| 464 |
|
|
|a La boule à neige
|
| 464 |
|
|
|a Le sapin
|
| 464 |
|
|
|a La guirlande
|
| 464 |
|
|
|a La table du réveillon
|
| 464 |
|
|
|a La bûche
|
| 464 |
|
|
|a Sabot, chaussette et petit soulier
|
| 464 |
|
|
|a Le père Noël et sa hotte
|
| 464 |
|
|
|a Le cadeau et ses rubans
|
| 464 |
|
|
|a La boîte de friandises
|
| 464 |
|
|
|a La luge
|
| 464 |
|
|
|a Le bonhomme de neige
|
| 464 |
|
|
|a La galette des rois
|
| 464 |
|
|
|a La carte de voeux
|
| 700 |
|
0 |
|a Guyader
|b Laetitia
|4 70
|
| 701 |
|
0 |
|a Pradeau
|b Laurent
|f 1959-....
|4 230
|
| 702 |
|
0 |
|a Jackowski
|b Amélie
|f 1976-....
|4 440
|
| 900 |
|
|
|a Conte
|
| 901 |
|
|
|a Accessible au prêt
|
| 995 |
|
|
|a Bibliothèque
|c Bibliothèque
|f 024018966
|h 024018966
|k C GUY
|o p
|q j
|r z
|u cd 42
|e Bibliothèque
|